[Event "ROM-chT U20"]
[Site "Iasi"]
[Date "2018.07.16"]
[Round "4.3"]
[White "Mladinoi, Ion"]
[Black "Miloi, Pavel Dan"]
[Result "0-1"]
[WhiteElo "1550"]
[BlackElo "2037"]
[PlyCount "64"]
[EventDate "2018.07.13"]
[EventType "team-tourn"]
[EventRounds "6"]
[EventCountry "ROU"]
[SourceTitle "EXT 2019"]
[Source "ChessBase"]
[SourceDate "2018.10.10"]
[SourceVersion "1"]
[SourceVersionDate "2018.10.10"]
[SourceQuality "1"]
[WhiteTeam "Galati CC"]
[BlackTeam "Constanta Juniorul"]
[WhiteTeamCountry "ROU"]
[BlackTeamCountry "ROU"]

1. e4 c5 2. Nc3 Nc6 3. d3 d6 4. g3 g6 5. Bg2 Bg7 6. f4 e6 7. Nf3 Nge7 8. 0-0 0-0 9. Ne2 e5 10. c3 d5 11. exd5 Nxd5 12. fxe5 Nxe5 13. Nxe5 Bxe5 14. d4 cxd4 15. Nxd4 Ne7 16. Nb3 Qb6+ 17. Kh1 Be6 18. Qe1 Nc6 19. Be3 Qc7 20. Rd1 Rad8 21. Qf2 b6 22. Rfe1 Ne7 23. Bg5 Rxd1 24. Rxd1 f6 25. Rf1 Bc4 26. Bh6 Bxf1 27. Bxf8 Bxg2+ 28. Qxg2 Kxf8 29. Qd2 Kg7 30. Qe2 Nf5 31. Nd2 Qc6+ 32. Kg1 Qc5+ 0-1

[Event "ROM-ch U18"]
[Site "Calimanesti Caciulata"]
[Date "2016.04.24"]
[Round "8"]
[White "Popa, Mihai Ovidiu"]
[Black "Mladinoi, Ion"]
[Result "0-1"]
[WhiteElo "1733"]
[BlackElo "1001"]
[PlyCount "98"]
[EventDate "2016.04.18"]
[EventType "swiss"]
[EventRounds "9"]
[EventCountry "ROU"]
[SourceTitle "EXT 2017"]
[Source "ChessBase"]
[SourceDate "2016.10.25"]
[SourceVersion "1"]
[SourceVersionDate "2016.10.25"]
[SourceQuality "1"]

1. e4 e5 2. f4 d6 3. Nf3 Nc6 4. Bb5 Nf6 5. Nc3 Bd7 6. 0-0 a6 7. fxe5 axb5 8. exf6 Qxf6 9. d4 Qd8 10. Ng5 f6 11. Nf3 Be7 12. Nxb5 0-0 13. Nh4 Be8 14. Nf5 Bg6 15. d5 Ne5 16. Nbd4 Rf7 17. Ne6 Qd7 18. Be3 c6 19. b3 c5 20. c4 b6 21. g4 h6 22. Rf2 Ra6 23. Rg2 Qa7 24. Bxh6 Bf8 25. Bf4 Rd7 26. g5 Bxf5 27. exf5 fxg5 28. Nxg5 Nf7 29. Ne6 Qa8 30. f6 Nh8 31. Qh5 Raa7 32. Ng5 g6 33. f7+ Rxf7 34. Nxf7 Rxf7 35. Bh6 Bg7 36. Rxg6 Nxg6 37. Qxg6 Qe8 38. Qg5 Kh8 39. Rc1 Qf8 40. Re1 Bxh6 41. Qh4 Rg7+ 42. Qg3 Rxg3+ 43. hxg3 Qg7 44. Re8+ Kh7 45. Kh2 Qb2+ 46. Kh3 Qxa2 47. Re6 Qxb3 48. Rxd6 Qxc4 49. Rxb6 Qxd5 0-1